| 000 | 00000nam##2200000za#4500 |
| 001 | 9.700363 |
| 003 | CaOODSP |
| 005 | 20210625000813 |
| 007 | cr ||||||||||| |
| 008 | 150407|1978||||xxc|||||o f|0| 0 eng|d |
| 040 | |aCaOODSP|beng |
| 043 | |an-cn--- |
| 086 | 1 |aA73-1564/1978E-PDF |
| 110 | 1 |aCanada.|bAgriculture Canada. |bInformation Services. |
| 245 | 10|aCome into the metric kitchen |h[electronic resource] |
| 250 | |aRev. 1978, reprinted 1979 |
| 260 | |aOttawa - Ontario : |bAgriculture Canada. |cc1978. |
| 300 | |a8p. |
| 500 | |aHistorical publication digitized by Agriculture and Agri-Food Canada. |
| 590 | |a15-03-Supp|b2015-03-13 |
| 775 | 08|tMétrisez-vous dans la cuisine |w(CaOODSP)9.644261 |
| 856 | 40|ahttp://publications.gc.ca|qPDF|s531 KB|uhttps://publications.gc.ca/collections/collection_2015/aac-aafc/A73-1564-1978-eng.pdf |
| 986 | |aPublication 1564 |